Statistics for All Municipalities of Tolna County, Hungary on a Map

Click here to take the quiz!

General Stats

  • This quiz has been taken 12 times
  • The average score is 48 of 109

Answers on the Map

Answers color-coded by a green-red scale on the quiz's map according to % correct below.
 

Answer Stats

Answer% Correct
Bonyhád
86%
Dombóvár
86%
Paks
86%
Szekszárd
71%
Tamási
71%
Tolna
71%
Dunaföldvár
57%
Fadd
57%
Hőgyész
57%
Simontornya
57%
Alsónána
43%
Alsónyék
43%
Aparhant
43%
Attala
43%
Báta
43%
Bátaapáti
43%
Bátaszék
43%
Belecska
43%
Bikács
43%
Bogyiszló
43%
Bölcske
43%
Bonyhádvarasd
43%
Cikó
43%
Csibrák
43%
Csikóstőttős
43%
Dalmand
43%
Decs
43%
Diósberény
43%
Döbrököz
43%
Dunaszentgyörgy
43%
Dúzs
43%
Értény
43%
Fácánkert
43%
Felsőnyék
43%
Gerjen
43%
Grábóc
43%
Gyönk
43%
Györe
43%
Györköny
43%
Gyulaj
43%
Harc
43%
Iregszemcse
43%
Izmény
43%
Jágónak
43%
Kajdacs
43%
Kakasd
43%
Kalaznó
43%
Kapospula
43%
Kaposszekcső
43%
Keszőhidegkút
43%
Kéty
43%
Kismányok
43%
Kisszékely
43%
Kistormás
43%
Kisvejke
43%
Kocsola
43%
Kölesd
43%
Koppányszántó
43%
Kurd
43%
Lápafő
43%
Lengyel
43%
Madocsa
43%
Magyarkeszi
43%
Medina
43%
Mőcsény
43%
Mórágy
43%
Mucsfa
43%
Mucsi
43%
Murga
43%
Nagydorog
43%
Nagykónyi
43%
Nagymányok
43%
Nagyszékely
43%
Nagyvejke
43%
Nak
43%
Németkér
43%
Őcsény
43%
Ozora
43%
Pálfa
43%
Pári
43%
Pincehely
43%
Pörböly
43%
Pusztahencse
43%
Sárpilis
43%
Sárszentlőrinc
43%
Sióagárd
43%
Szakadát
43%
Szakály
43%
Szakcs
43%
Szálka
43%
Szedres
43%
Tengelic
43%
Tevel
43%
Tolnanémedi
43%
Újireg
43%
Váralja
43%
Várdomb
43%
Várong
43%
Varsád
43%
Závod
43%
Zomba
43%
Felsőnána
29%
Fürged
29%
Kisdorog
29%
Miszla
29%
Nagyszokoly
29%
Regöly
29%
Szárazd
29%
Udvari
29%

Score Distribution

Percentile by Number Answered

Percent of People with Each Score

Your Score History

You have not taken this quiz